Le Cinéma en 10 questions #1 - Statistiques

Statistiques générales
  • Ce quiz a été pris 179 fois
  • Le résultat moyen est 7 sur 10
Statistiques - réponses
Hint Réponse % Correct
Quel film met en scène un requin géant terrorisant une station balnéaire, réalisé par Steven Spielberg en 1975 ? Les dents de la mer
99%
Dans quel continent se déroule principalement l’histoire du film Le Roi Lion ? Afrique
98%
Quel personnage est célèbre pour sa phrase : "Je suis ton père" ? Dark Vador
97%
Quel film d’animation de Disney met en scène une princesse nommée Ariel ? La petite sirène
97%
Qui joue le rôle de Jack Dawson dans Titanic Leonardo DiCaprio
97%
Quel film de science-fiction met en scène le personnage de Neo ? Matrix
84%
Quel réalisateur est connu pour des films comme Inception et The Dark Knight ? Christopher Nolan
70%
Quel est le vrai nom de l’acteur qui joue Indiana Jones ? Harrison Ford
69%
Quel film français de 1960, réalisé par Jean-Luc Godard, a marqué la Nouvelle Vague ? A bout de souffle
17%
Quel film de 1927 est souvent considéré comme le premier film parlant ? Le chanteur de Jazz
13%
Aucun quiz correspondant
Distribution des résultats
% des personnes avec chaque résultat
Percentile par nombre de réponses
Votre historique - résultats
Vous n’avez pas pris ce quiz